Music Quiz

Random Music or Album Quiz

Grammy Nominees (2011) Quiz Stats

 Plays Quiz Updated Feb 8, 2013

Challenge
Share
Tweet
Embed
Score 0/62 Timer 10:00
3 Plays Today
Category Nominee % Correct
Record of the YearAdele
97%
Album of the YearAdele
97%
Best Pop Solo PerformanceAdele
97%
Record of the YearKaty Perry
92.5%
Best Pop Solo PerformanceKaty Perry
92.5%
Album of the YearLady Gaga
89.6%
Best Pop Solo PerformanceLady Gaga
89.6%
Record of the YearBruno Mars
85.6%
Album of the YearBruno Mars
85.6%
Best Pop Solo PerformanceBruno Mars
85.6%
Best Pop Vocal - Duo or GroupMaroon 5 & Christina Aguilera
78.6%
Best Rap AlbumNicki Minaj
73.1%
Best New ArtistNicki Minaj
73.1%
Best Rap AlbumJay-Z & Kanye West
66.8%
Best Pop Solo PerformanceP!nk
63.3%
Best Rap AlbumKanye West
56.6%
Best Pop Vocal - Duo or GroupColdplay
56.3%
Best Rock PerformanceColdplay
56.3%
Best Pop Vocal - Duo or GroupFoster the People
55.2%
Best Alternative Music AlbumFoster the People
55.2%
Best Country AlbumTaylor Swift
54%
Best Rap AlbumLil Wayne
51.8%
Record of the YearMumford & Sons
46.7%
Best Rock PerformanceMumford & Sons
46.7%
Best New ArtistThe Band Perry
46.6%
Album of the YearRihanna
41.5%
Best R&B AlbumR. Kelly
31.8%
Album of the YearFoo Fighters
28.6%
Best Rock PerformanceFoo Fighters
28.6%
Best Hard Rock / MetalFoo Fighters
28.6%
Best New ArtistSkrillex
27.2%
Category Nominee % Correct
Best Dance RecordingSkrillex
27.2%
Best R&B AlbumChris Brown
26.9%
Best Country AlbumLady Antebellum
26.2%
Record of the YearBon Iver
24.6%
Best New ArtistBon Iver
24.6%
Best Alternative Music AlbumBon Iver
24.6%
Best Dance RecordingDuck Sauce
23.5%
Best Rap AlbumLupe Fiasco
21.4%
Best Country AlbumJason Aldean
20.8%
Best Rock PerformanceRadiohead
17.5%
Best Alternative Music AlbumRadiohead
17.5%
Best New ArtistJ. Cole
16.3%
Best Country AlbumBlake Shelton
15.9%
Best Pop Vocal - Duo or GroupThe Black Keys
12.5%
Best Dance RecordingRobyn
11.2%
Best Alternative Music AlbumDeath Cab for Cutie
10.3%
Best Dance RecordingDeadmau5 & Greta Svabo Beck
9.7%
Best Dance RecordingSwedish House Mafia
9.6%
Best Dance RecordingDavid Guetta & Avicii
8.9%
Best Pop Vocal - Duo or GroupTony Bennett & Amy Winehouse
8.7%
Best Country AlbumEric Church
7.7%
Best Country AlbumGeorge Strait
7%
Best Rock PerformanceThe Decemberists
6.1%
Best Hard Rock / MetalMegadeth
5.4%
Best Alternative Music AlbumMy Morning Jacket
5.3%
Best Hard Rock / MetalMastodon
4.7%
Best Hard Rock / MetalDream Theater
3.5%
Best R&B AlbumKelly Price
3.4%
Best Hard Rock / MetalSum 41
3.2%
Best R&B AlbumLedisi
3%
Best R&B AlbumEl DeBarge
2.2%

You're not logged in!

Compare scores with friends on all Sporcle quizzes.
Join for Free
OR
Log In

You Might Also Like...

Show Comments

Extras

Top Quizzes Today


Score Distribution

Your Account Isn't Verified!

In order to create a playlist on Sporcle, you need to verify the email address you used during registration. Go to your Sporcle Settings to finish the process.

Report this User

Report this user for behavior that violates our Community Guidelines.

Details: